Gia đình và vấn đề giáo dục gia đình đối với thanh niên trong sự nghiệp công nghiệp hóa - hiện đại hóa ở nước ta
Thực trạng Gia đình và vấn đề giáo dục gia đình đối với thanh niên trong sự nghiệp công nghiệp hóa - hiện đại hóa ở nước ta
Spremljeno u:
| Glavni autor: | |
|---|---|
| Daljnji autori: | |
| Format: | Knjiga |
| Jezik: | Vietnamese |
| Izdano: |
Đại học Đà Nẵng
Trường Đại học Sư Phạm
2009
|
| Serija: | Khóa luận tốt nghiệp. Chuyên ngành: Sư phạm giáo dục chính trị
|
| Teme: | |
| Oznake: |
Dodaj oznaku
Bez oznaka, Budi prvi tko označuje ovaj zapis!
|
| Thư viện lưu trữ: | Mạng thư viện Đại học Đà Nẵng |
|---|
| LEADER | 01568nam a2200349 4500 | ||
|---|---|---|---|
| 001 | 000011748 | ||
| 003 | 8019 | ||
| 005 | 20120216140202.0 | ||
| 008 | 120209s2009 viesd | ||
| 041 | |a vie | ||
| 072 | |a Khóa luận tốt nghiệp | ||
| 082 | |a 111.071 |b LÊ-L | ||
| 100 | |a Lê, Thị Lan | ||
| 245 | |a Gia đình và vấn đề giáo dục gia đình đối với thanh niên trong sự nghiệp công nghiệp hóa - hiện đại hóa ở nước ta |c Lê, Thị Lan | ||
| 260 | |a Đại học Đà Nẵng |b Trường Đại học Sư Phạm |c 2009 | ||
| 300 | |a 75 tr. |b Tóm tăt, CD, Phụ lục, hình ảnh minh họa |c 29 cm | ||
| 490 | |a Khóa luận tốt nghiệp. Chuyên ngành: Sư phạm giáo dục chính trị | ||
| 500 | |a Tham khảo phụ lục trang 73 | ||
| 520 | |a Thực trạng Gia đình và vấn đề giáo dục gia đình đối với thanh niên trong sự nghiệp công nghiệp hóa - hiện đại hóa ở nước ta | ||
| 653 | |a gia đình | ||
| 653 | |a công nghiệp hóa | ||
| 700 | |a Trần Quang Ánh |c ThS |e Hướng dẫn | ||
| OWN | |a LSP | ||
| AVA | |a UDN50 |b LSP |d 111.071 LÊ-L |e available |t Error 5001 Not defined in file expand_doc_bib_avail. |f 1 |g 0 |h N |i 0 |k 1 | ||
| 999 | |a From the UDN01 | ||
| AVA | |a UDN50 |b LSP |d 111.071 LÊ-L |e available |t Error 5001 Not defined in file expand_doc_bib_avail. |f 1 |g 0 |h N |i 0 |k 1 | ||
| TYP | |a Monograph | ||
| TYP | |a Printed language | ||
| 980 | |a Mạng thư viện Đại học Đà Nẵng | ||